000 00471nam a22001937a 4500
003 MPLRDC
005 20220104145059.0
008 210129b ||||| |||| 00| 0 eng d
020 _a7-80656-803-4
082 _a859.61 WQ
100 _a王茜编写
245 _a影响世界的名人, 外国篇
_c
250 _a初版
260 _a
_b百家出版社
_c2003
300 _b
490 _a海豚卡通丛书
650 _a人物故事
942 _cBK
_o859.61 WQ
999 _c51125
_d51115